000 01051nam a2200277 4500
001 0000021271
003 CO-CtgCURN
005 20250825223111.0
008 160627s2004 000 0 eng d
020 _a9586169081
040 _aCO-CtgCURN
_bspa
_ccoctgcurn
082 0 _a340.1
_bF37o
100 1 _aFernández, Eusebio.
245 1 3 _aEl observador comprometido :
_breflexiones juridico-políticas /
_cEusebio Fernández.
260 _aBogotá :
_bUniversidad Externado de Colombia,
_c2004.
300 _a170 p.
336 _2rdacontent
337 _2rdamedia
_asin mediacion
_bn
338 _2rdacarrier
_avolumen
_bnc
490 1 _aTeoria juridica y filosofia del derecho ;
_v34
505 8 _aLas relaciones entre la etica y la política.--Los derechos humanos y la historia.--El patriotismo constitucional.--Libertad de expresion y respeto a los seres humanos
650 0 _aFilosofia del derecho.
908 _a160627
942 _cBK
_h340.1
_iF37o
_2ddc
999 _c49570
_d49570
_x1